000 00659nam a2200217Ii 4500
003 JO-AjNU
008 230606s9999||||xx |||||||||||||| ||und||
020 _a978-007-131114-4
040 _aJO-AjNU
_beng
_erda
_cJO-AjNU
041 _aeng
050 1 4 _aTA403.S596.2011
100 3 _aHashemi, Javad/William Smith,
_eauthor
_94963
245 0 0 _aFundamentals of Material Science and Engineering
250 _a5 ed
264 3 1 _aLondon:Mcgraw hill,2011
300 _a1070p
336 _atext
_btxt
_2rdacontent
337 _aunmediated
_bn
_2rdamedia
338 _avolume
_bnc
_2rdacarrier
650 4 _aFundamentals of Material Science and Engineering
_94964
999 _aE2567
_c2565
_d2565